Statistiques concernant Dictionnaire hors série n°4: la géographie

Cliquez ici pour prendre le quiz!

Statistiques générales

  • Ce quiz a été pris 215 fois
    (207 depuis la dernière actualisation)
  • Le résultat moyen est 7 sur 10

Statistiques - réponses

DéfinitionsClasse grammaticaleMots correspondants% Correct
De la planète TerreAdjectifTerrestre
82%
Carte plane représentant le globe terrestreNomPlanisphère
79%
Qui appartient à une NationAdjectifNational
78%
Boule, sphèreNomGlobe
76%
Territoire d'une nationNomPays
69%
Très grande agglomération urbaineNomMégalopole
68%
Etablir la carte de ...VerbeCartographier
63%
Qui concerne, est particulier à un lieu, une régionAdjectifLocal
59%
Faire connaître ce qui est cachéVerbeDécouvrir
49%
Placer en un lieu.VerbeSituer
48%

Distribution des résultats

Percentile par nombre de réponses

% des personnes avec chaque résultat

Votre développement - résultats

Vous n’avez pas pris ce quiz depuis la dernière actualisation